Metal albums/songs/artists referring to money - Statistics

General Stats
  • This quiz has been taken 6 times
  • The average score is 2 of 15
Answer Stats
Hint Answer % Correct
Megadeth - Album Peace Sells ... But Who's Buying
60%
Suicidal Tendencies - Song Send Me Your Money
40%
Limp Bizkit - Album Three Dollar Bill
40%
Mötley Crüe - Song Keep Your Eye On the Money
20%
Warrant - Song 32 Pennies
0%
Municipal Waste - Song Death Tax
0%
Slayer - Song Disintegration / Free Money
0%
Megadeth - Song Guns, Drugs & Money
0%
Burn It To The Ground - Artist Nickelback
0%
The Devil Wears Prada - Song Nickels Is Money Too
0%
Straight Ahead - Artist Pennywise
0%
Iced Earth - Song The Devil to Pay
0%
Nirvana - Song The Money Will Roll Right In
0%
All Shall Perish - Song Wage Slaves
0%
AC/DC - Song What Do You Do for Money Honey
0%
No matching quizzes found
Score Distribution
Percent of People with Each Score
Percentile by Number Answered
Your Score History
You have not taken this quiz